<?xml version="1.0" encoding="UTF-8"?>
<record
    xmlns:xsi="http://www.w3.org/2001/XMLSchema-instance"
    xsi:schemaLocation="http://www.loc.gov/MARC21/slim http://www.loc.gov/standards/marcxml/schema/MARC21slim.xsd"
    xmlns="http://www.loc.gov/MARC21/slim">

  <leader>00747nam a22001577a 4500</leader>
  <controlfield tag="003">OSt</controlfield>
  <controlfield tag="005">20151003151345.0</controlfield>
  <controlfield tag="008">151003b        xxu||||| |||| 00| 0 eng d</controlfield>
  <datafield tag="040" ind1=" " ind2=" ">
    <subfield code="c">RUA</subfield>
  </datafield>
  <datafield tag="082" ind1=" " ind2=" ">
    <subfield code="a">AVM NHE 2002 B072 Or.1</subfield>
  </datafield>
  <datafield tag="100" ind1=" " ind2=" ">
    <subfield code="9">1917</subfield>
    <subfield code="a">NHEM,BUNROTH.</subfield>
  </datafield>
  <datafield tag="245" ind1=" " ind2=" ">
    <subfield code="a">Assessment of constraints and opportunities for small scale pig raising in tramkok district, takeo province, &#x1780;&#x17B6;&#x179A;&#x179C;&#x17B7;&#x1795;&#x17B6;&#x1782;&#x179B;&#x17BE;&#x179F;&#x1780;&#x17D2;&#x178F;&#x17B6;&#x1793;&#x17BB;&#x1796;&#x179B; &#x1793;&#x17B7;&#x1784;&#x1780;&#x178F;&#x17D2;&#x178F;&#x179A;&#x17B6;&#x179A;&#x17B6;&#x17C6;&#x1784;&#x178A;&#x179B;&#x17CB;&#x1780;&#x17B6;&#x179A;&#x1785;&#x17B7;&#x1789;&#x17D2;&#x1785;&#x17B9;&#x1798;&#x1787;&#x17D2;&#x179A;&#x17BC;&#x1780;&#x1787;&#x17B6;&#x179B;&#x1780;&#x17D2;&#x1781;&#x178E;&#x17C8;&#x1782;&#x17D2;&#x179A;&#x17BD;&#x179F;&#x17B6;&#x179A; &#x1793;&#x17C5;&#x179F;&#x17D2;&#x179A;&#x17BB;&#x1780;&#x178F;&#x17D2;&#x179A;&#x17B6;&#x17C6;&#x1780;&#x1780;&#x17CB; &#x1781;&#x17C1;&#x178F;&#x17D2;&#x178F;&#x178F;&#x17B6;&#x1780;&#x17C2;&#x179C;</subfield>
  </datafield>
  <datafield tag="260" ind1=" " ind2=" ">
    <subfield code="a">Phnom Penh</subfield>
    <subfield code="b">RUA</subfield>
    <subfield code="c">2002</subfield>
  </datafield>
  <datafield tag="300" ind1=" " ind2=" ">
    <subfield code="a">vii; 54p.</subfield>
    <subfield code="b">ill.</subfield>
    <subfield code="c">29cm.</subfield>
  </datafield>
  <datafield tag="942" ind1=" " ind2=" ">
    <subfield code="2">ddc</subfield>
    <subfield code="c">AVM</subfield>
  </datafield>
  <datafield tag="999" ind1=" " ind2=" ">
    <subfield code="c">1811</subfield>
    <subfield code="d">1811</subfield>
  </datafield>
  <datafield tag="952" ind1=" " ind2=" ">
    <subfield code="0">0</subfield>
    <subfield code="1">0</subfield>
    <subfield code="2">ddc</subfield>
    <subfield code="4">0</subfield>
    <subfield code="6">AVM_NHE_2002_000000000000000_B072_OR_1</subfield>
    <subfield code="7">0</subfield>
    <subfield code="9">7686</subfield>
    <subfield code="a">LBB</subfield>
    <subfield code="b">LBB</subfield>
    <subfield code="c">B072</subfield>
    <subfield code="d">2015-10-03</subfield>
    <subfield code="o">AVM NHE 2002 B072 Or.1</subfield>
    <subfield code="p">RUA017172</subfield>
    <subfield code="r">2015-10-03</subfield>
    <subfield code="w">2015-10-03</subfield>
    <subfield code="y">AVM</subfield>
  </datafield>
  <datafield tag="952" ind1=" " ind2=" ">
    <subfield code="0">0</subfield>
    <subfield code="1">0</subfield>
    <subfield code="2">ddc</subfield>
    <subfield code="4">0</subfield>
    <subfield code="6">AVM_NHE_2002_000000000000000_B072_OR_2</subfield>
    <subfield code="7">0</subfield>
    <subfield code="9">7687</subfield>
    <subfield code="a">LBB</subfield>
    <subfield code="b">LBB</subfield>
    <subfield code="c">B072</subfield>
    <subfield code="d">2015-10-03</subfield>
    <subfield code="o">AVM NHE 2002 B072 Or.2</subfield>
    <subfield code="p">RUA017226</subfield>
    <subfield code="r">2015-10-03</subfield>
    <subfield code="w">2015-10-03</subfield>
    <subfield code="y">AVM</subfield>
  </datafield>
  <datafield tag="952" ind1=" " ind2=" ">
    <subfield code="0">0</subfield>
    <subfield code="1">0</subfield>
    <subfield code="2">ddc</subfield>
    <subfield code="4">0</subfield>
    <subfield code="6">AVM_NHE_2002_000000000000000_B072_OR_3</subfield>
    <subfield code="7">0</subfield>
    <subfield code="9">7688</subfield>
    <subfield code="a">LBB</subfield>
    <subfield code="b">LBB</subfield>
    <subfield code="c">B072</subfield>
    <subfield code="d">2015-10-03</subfield>
    <subfield code="l">3</subfield>
    <subfield code="o">AVM NHE 2002 B072 Or.3</subfield>
    <subfield code="p">RUA017129</subfield>
    <subfield code="r">2019-01-14</subfield>
    <subfield code="s">2018-12-14</subfield>
    <subfield code="w">2015-10-03</subfield>
    <subfield code="y">AVM</subfield>
  </datafield>
  <datafield tag="952" ind1=" " ind2=" ">
    <subfield code="0">0</subfield>
    <subfield code="1">0</subfield>
    <subfield code="2">ddc</subfield>
    <subfield code="4">0</subfield>
    <subfield code="6">AVM_NHE_2002_000000000000000_B072_OR_4</subfield>
    <subfield code="7">0</subfield>
    <subfield code="9">7689</subfield>
    <subfield code="a">LBB</subfield>
    <subfield code="b">LBB</subfield>
    <subfield code="c">B072</subfield>
    <subfield code="d">2015-10-03</subfield>
    <subfield code="l">1</subfield>
    <subfield code="o">AVM NHE 2002 B072 Or.4</subfield>
    <subfield code="p">RUA017084</subfield>
    <subfield code="r">2024-05-30</subfield>
    <subfield code="s">2024-05-16</subfield>
    <subfield code="w">2015-10-03</subfield>
    <subfield code="y">AVM</subfield>
  </datafield>
</record>
